000 01160nam a22003851a 4500
999 _c11
_d11
001 017219916
003 UkOxU
005 20190828145245.0
008 100128r20102009enka j 000 f eng|d
015 _aGBB011287
_2bnb
016 7 _a015478246
_2Uk
020 _a9780007279067 (pbk.) :
020 _a000727906X (pbk.) :
020 _a9780008284930
_qbox set
035 _a(Uk)015478246
040 _aStDuBDS
_beng
_cStDuBDS
_dUk
042 _aukblsr
082 0 4 _aFIC WAL
_222
100 1 _aWalliams, David,
_d1971-
245 1 0 _aMr Stink /
_cDavid Walliams ; illustrated by Quentin Blake.
260 _aLondon :
_bHarperCollins Children's,
_c2010.
300 _a267 p. :
_bill. ;
_c20 cm.
336 _atext
_2rdacontent
337 _aunmediated
_2rdamedia
338 _avolume
_2rdacarrier
500 _aOriginally published: 2009.
500 _aFormerly CIP.
_5Uk
650 0 _aHomeless persons
_vJuvenile fiction.
650 0 _aFriendship
_vJuvenile fiction.
650 0 _aBody odor
_vJuvenile fiction.
655 0 _aChildren's stories.
700 1 _aBlake, Quentin.
_eIllustrator
942 _2ddc
_cFIC